000 00879nam a2200205Ia 4500
003 GCL
008 140319s9999 xx 000 0 ara d
040 _aGCL /
_cGCL
082 0 4 _a616.9
_bسم
100 1 _aعبدالعزيز صقر الغامدى
245 1 0 _aتوزيع و انتشار الامراض بين الحجاج فى المشاعر المقدسة :
_bدراسة فى الجغرافيا الصحية /
_cعبدالعزيز صقر الغامدى
250 _aالاولى
260 _aالرياض :
_bمركز البحوث التربوية والنفسية ،
_c1984
300 _a74 ص ؛
_c24 سم
490 _aسلسلة الدراسات و البحوث الاجتماعية
_v2
650 0 4 _aالعدوى والامراض المعدية
650 0 4 _aالامراض، عدوى
650 0 4 _aالصحة العامة - السعودية
942 _2ddc
_cBK
999 _c7011
_d7011